000 00569nam a2200241Ia 4500
003 OSt
005 20140407095044.0
008 140130s9999 xx 000 0 und d
020 _a051623854X
050 _aSF 395.5
_b.M53 2000
100 _aMiller, Heather
_931182
245 _aMy pigs /
_cMiller, Heather
260 _bScholastic,
_c2000.
_aNew York :
300 _a24 p. :
_bcol. ill. ;
_c13 cm.
440 _v1
_931174
521 _aBR
526 _cBR
942 _cBK
_2lcc
999 _c42092
_d42092